Geography of Australia - Statistics

General Stats
  • This quiz has been taken 1,243 times
  • The average score is 15 of 22
Answer Stats
Question Answer % Correct
What city is in the Australian Capital Territory? Canberra
95%
What is the most populous Australian city located on its western coast? Perth
95%
What name is given to the areas that are like the above, but are more remote? The Outback
94%
What is the world's longest coral reef system? Great Barrier Reef
93%
What city in Victoria was the 1956 Summer Olympics host? Melbourne
92%
What is Ayer's Rock also known as? Uluru
90%
Which of the national animals of Australia is the second-largest bird in the world? Emu
88%
What is the capital of the Northern Territory? Darwin
82%
What sea is located between Australia and New Zealand? Tasman Sea
79%
What is the name of the most famous beach of Sydney? Bondi Beach
73%
What is the most populous settlement near the above? Alice Springs
71%
What river system has the longest length in Australia? Murray-Darling
66%
In what sea can the above be found? Coral Sea
62%
What Australian territory is located 350 km south of the Indonesian island of Java? {Christmas} Island
60%
In what major peninsula in Queensland is the northernmost point of mainland Australia? Cape {York}
55%
What mountain range runs from Queensland to Victoria? Great {Dividing} Range
54%
What is the name of the rural areas of Australia? The Bush
51%
What mountain, starting with K, is the tallest in Australia? Mount Kosciuszko
43%
What strait separates Australia and Papua New Guinea? Torres Strait
40%
Name one of the two largest deserts of Australia. Great Victoria | Great Sandy
39%
What is the name of the "Treeless" region on the coast of South Australia? Null{arbor}
25%
What is the nickname of Tasmania? The {Apple} Isle
17%
No matching quizzes found
Score Distribution
Percent of People with Each Score
Percentile by Number Answered
Your Score History
You have not taken this quiz